| 000 | 03314nam0a2200445 4500 | ||
|---|---|---|---|
| 001 | RU\NLR\bibl\1233746 | ||
| 005 | 20260408195049.0 | ||
| 010 |
_a978-5-8119-0333-7 _91500 |
||
| 021 |
_aRU _b2008-23374 _91287 |
||
| 035 | _a(NLR Aleph) 001220004 | ||
| 035 | _a(nilc)RSL-KNO-003444368 | ||
| 090 |
_a132328 _c132328 |
||
| 100 | _a20080404d2008 u y0rusy50 ca | ||
| 101 | 0 | _arus | |
| 102 | _aRU | ||
| 105 | _aa ||||||||| | ||
| 200 | 1 |
_aРезисторы в схемах электротеплоснабжения _f[С.В. Горелов, В.В. Горелов, А.Л. Ивановский, В.Е. Крышталев и др.] _gпод ред. д.т.н., проф. В.П. Горелова, д.т.н., проф. Н.В. Цугленка _gФГОУ ВПО "Новосибирская гос. акад. водного трансп.", ФГОУ ВПО "Красноярский гос. аграрный ун-т", Фил. ОАО "НТЦ электроэнергетики" - СИБНИИЭ |
|
| 205 | _a[2-е изд., перераб. и доп.] | ||
| 210 |
_aНовосибирск _cНовосибирская государственная академия водного транспорта _d2008 |
||
| 215 |
_a423 с. _cил., цв. ил. _d21 |
||
| 300 | _aАвт. указаны на обороте тит.л. | ||
| 320 | _aБиблиогр.: с. 341-392 (391 назв.) | ||
| 606 |
_aРезисторы (электр.) _3RU\NLR\auth\661383787 _92312232 |
||
| 610 | 0 | _aЭнергетика -- Электроэнергетика. Электротехника -- Использование электрической энергии -- Электрический нагрев -- Электрический нагрев по методу сопротивления -- Оборудование -- Нагревательные элементы и сопротивления -- Материалы с особыми свойствами | |
| 610 | 0 | _aСельское и лесное хозяйство. Сельскохозяйственные и лесохозяйственные науки -- Механизация и электрификация сельского хозяйства. Авиация в сельском хозяйстве -- Электрификация сельского хозяйства -- Силовые электродвигатели и электроустановки -- Электронагревательные установки | |
| 610 | 0 | _aрезистивные композиционные материалы | |
| 686 |
_aЗ292.1-5-044-037,0 _2rubbk |
||
| 686 |
_aП076.26,0 _2rubbk |
||
| 686 | _aЗ264.7 | ||
| 701 | 1 |
_aГорелов _bС. В. _gСергей Валерьевич _4070 |
|
| 701 | 1 |
_aГорелов _bВ. В. _gВасилий Валерьевич _4070 |
|
| 701 | 1 |
_aИвановский _bА. Л. _gАлександр Львович _4070 |
|
| 701 | 1 |
_aКрышталев _bВ. Е. _gВладислав Евгеньевич _4070 |
|
| 712 | 0 | 2 |
_4570 _aНовосибирская государственная академия водного транспорта _3RU\NLR\AUTH\888230 _9288817 |
| 801 | 0 |
_aRU _bРКП _c20080404 |
|
| 801 | 1 |
_aRU _bРГБ _c20080404 |
|
| 801 | 2 |
_aRU _bNLR _c20080528 _grcr |
|
| 942 | _cBOOK | ||
| 980 | _aNB | ||